000 05374cam a2200421 4500500
005 20260111073604.0
041 _afre
042 _adc
100 1 0 _aCombe, Julien
_eauthor
700 1 0 _aHiller, Victor
_eauthor
700 1 0 _aTercieux, Olivier
_eauthor
700 1 0 _aAudry, Benoît
_eauthor
700 1 0 _aBaudet, Jules
_eauthor
700 1 0 _aMalaquin, Géraldine
_eauthor
700 1 0 _aKerbaul, François
_eauthor
700 1 0 _aAntoine, Corinne
_eauthor
700 1 0 _aMacher, Marie-Alice
_eauthor
700 1 0 _aJacquelinet, Christian
_eauthor
700 1 0 _aBastien, Olivier
_eauthor
700 1 0 _aPastural, Myriam
_eauthor
245 0 0 _aPerspectives pour une évolution du programme de don croisé de reins en France
260 _c2022.
500 _a47
520 _aPrès d’un tiers des candidats au don de rein présente une incompatibilité (HLA et/ou ABO) avec le receveur pour lequel il s’engage. Le don croisé permet d’échanger des donneurs potentiels et donne l’accès à une greffe rénale compatible. La loi de bioéthique de 2011 a autorisé le don croisé en France avec une réciprocité entre 2 paires « donneur-receveur » incompatibles. Un faible nombre de greffes a été réalisé du fait d’une autorisation trop limitée en comparaison à d’autres pratiques européennes. Cette étude présente les perspectives de la nouvelle loi de bioéthique, promulguée en 2021, qui élargit les pratiques autorisées pour le don croisé en France. Les deux évolutions simulées sont l’augmentation du nombre de paires engagées dans un échange croisé à 6 (contre 2 paires actuellement) et le recours à un donneur décédé en substitution à l’un des donneurs vivants. Différents scénarii sont simulés à partir des données de l’Agence de la biomédecine ; les paires incompatibles inscrites dans le programme de don croisé en France entre décembre 2013 et février 2018 (78 paires incompatibles), les greffes incompatibles réalisées au cours de la même période (476 paires incompatibles) et les caractéristiques des donneurs décédés ainsi que les propositions faites sur cette période. L’augmentation du nombre de paires a un effet limité sur le nombre de greffes, qui passe de 18 (23 % des receveurs) dans le système actuel à 25 (32 % des receveurs) lorsque 6 paires peuvent être engagées dans un échange croisé. Le recours à un donneur décédé augmente significativement le nombre de greffes, qui passe à 41 (52 % des receveurs). Cette étude permet d’évaluer l’augmentation des possibilités de greffes rénales par don croisé suite à la nouvelle loi de bioéthique. Un groupe de travail et une campagne d’information des professionnels et des patients seront nécessaires pour sa mise en œuvre, dont les résultats seront d’autant plus importants que la participation sera élevée.
520 _aAlmost one third of kidney donation candidates are incompatible (HLA and/or ABO) with their directed recipient. Kidney paired donation allows potential donors to be exchanged and gives access to a compatible kidney transplant. The Bioethics Law of 2011 authorised kidney paired donation in France with reciprocity between 2 incompatible “donor-recipient” pairs. A limited number of transplants have been performed due to a too restricted authorization compared to other European practices. This study presents the perspectives of the new Bioethics Law, enacted in 2021, which increases the authorised practices for kidney paired donation in France. The two simulated evolutions are the increase of the number of pairs involved in a kidney paired donation to 6 (against 2 currently) and the use of a deceased donor as a substitution to one of living donor. Different scenarios are simulated using data from the Agence de la Biomedecine; incompatible pairs registered in the kidney paired donation programme in France between December 2013 and February 2018 (78 incompatible pairs), incompatible transplants performed during the same period (476 incompatible pairs) and characteristics of deceased donors as well as proposals made over this period. Increasing the number of pairs has a limited effect on the number of transplants, which increases from 18 (23% of recipients) in the current system to 25 (32% of recipients) when 6 pairs can be involved. The use of a deceased donor significantly increases the number of transplants to 41 (52% of recipients). This study makes it possible to evaluate the increase in possibilities of kidney transplants by kidney paired donation following the new bioethics law. A working group and an information campaign for professionals and patients will be necessary for its implementation.
690 _aChaîne de donneur vivant
690 _aDon croisé
690 _aLoi de bioéthique
690 _aProgramme d’échange croisé
690 _aTransplantation rénale à donneur vivant
690 _aBioethics law
690 _aKidney exchange programme
690 _aKidney paired donation
690 _aLiving donor chain
690 _aLiving donor kidney transplantation
786 0 _nNéphrologie & Thérapeutique | Volume 18 | 4 | 2022-04-26 | p. 270-277 | 1769-7255
856 4 1 _uhttps://stm.cairn.info/revue-nephrologie-et-therapeutique-2022-4-page-270?lang=fr&redirect-ssocas=7080
999 _c1615495
_d1615495